| 000 | 00723nam a2200241Ia 4500 | ||
|---|---|---|---|
| 001 | dia_3938 | ||
| 003 | CHAP | ||
| 005 | 20221002160623.0 | ||
| 008 | 220117s1984 xx 000 0 und d | ||
| 010 | _a174546 | ||
| 040 | _cCHAP | ||
| 090 | _aFOLLETO 2666 | ||
| 100 |
_aRey Torrens, Xiomara _9155575 |
||
| 245 |
_aPrincipales componentes orgánicos del tabaco y su relación con la madurez de la hoja / _c Xiomara Rey Torrens |
||
| 260 |
_aLa Habana, Cuba : _b CIDA, _c1984 |
||
| 300 | _a45 p. | ||
| 500 | _aC/e \(Boletín de reseñas ; 8) | ||
| 650 |
_aTabaco _9111196 |
||
| 901 | _aFOLLETO 2666 | ||
| 902 | _aM | ||
| 905 | _a0000001984 cu 0000000000spa00 | ||
| 942 |
_cFOLL _2local |
||
| 999 |
_c174546 _d174546 |
||